[Event "NATO-ch"]
[Site "Quebec CAN"]
[Date "2014.09.11"]
[Round "5.25"]
[White "Langer, Herb"]
[Black "Patron, Pascal"]
[Result "1/2-1/2"]
[WhiteElo "1813"]
[BlackElo "1935"]
[PlyCount "104"]
[EventDate "2014.09.08"]
[EventType "swiss"]
[EventRounds "7"]
[EventCountry "CAN"]
[Source "Chess Mix"]
[WhiteTeam "Veterans"]
[BlackTeam "France"]
[BlackTeamCountry "FRA"]

1. d4 d5 2. Nf3 Nf6 3. e3 Bg4 4. Bd3 e6 5. Nbd2 Bd6 6. h3 Bh5 7. c3 O-O 8. Qc2
Nbd7 9. O-O c5 10. dxc5 Nxc5 11. Be2 Bg6 12. Qd1 Rc8 13. Nb3 Nfe4 14. Nxc5 Rxc5
15. Nd2 Nf6 16. Nb3 Rc8 17. Bd3 Bh5 18. Be2 Bg6 19. Bd3 Bb8 20. Bxg6 hxg6 21.
Qe2 Rc4 22. Nd2 Rh4 23. Nf3 Rh8 24. Bd2 Qd6 25. Rfd1 Ne4 26. Rac1 Ng5 27. c4
dxc4 28. Rxc4 Rd8 29. Rd4 Nxf3+ 30. Qxf3 Qh2+ 31. Kf1 Rxd4 32. exd4 Qc7 33. Bc3
Rh5 34. d5 Qc4+ 35. Qd3 Qxd3+ 36. Rxd3 Rxd5 37. Rxd5 exd5 38. Ke2 Kf8 39. Ke3
Bc7 40. Bb4+ Ke8 41. Kd4 Kd7 42. Kxd5 g5 43. Bf8 g6 44. Bc5 a6 45. f3 Bf4 46.
Bd4 Bg3 47. Bf6 Bf4 48. a4 Bd2 49. b3 Bf4 50. b4 Bd2 51. b5 axb5 52. axb5 Bf4
1/2-1/2

[Event "NATO-ch"]
[Site "Quebec CAN"]
[Date "2014.09.11"]
[Round "5.30"]
[White "Echavarria Hidalgo, Fernando"]
[Black "Stuhr, Finn"]
[Result "0-1"]
[WhiteElo "1788"]
[BlackElo "1800"]
[PlyCount "128"]
[EventDate "2014.09.08"]
[EventType "swiss"]
[EventRounds "7"]
[EventCountry "CAN"]
[Source "Chess Mix"]
[WhiteTeam "NATO1"]
[BlackTeam "Denmark"]
[BlackTeamCountry "DEN"]

1. e4 e5 2. Nf3 Nc6 3. Bb5 a6 4. Ba4 b5 5. Bb3 Nf6 6. O-O Be7 7. Re1 O-O 8. c3
d5 9. exd5 Nxd5 10. Nxe5 Nxe5 11. Rxe5 c6 12. Bxd5 cxd5 13. Qf3 Bb7 14. d4 Bd6
15. Rh5 Qe7 16. Be3 Rae8 17. Nd2 b4 18. Nf1 f6 19. g4 Qf7 20. Ng3 Bxg3 21. hxg3
bxc3 22. bxc3 Qg6 23. Rf5 Rf7 24. Kg2 Bc8 25. Rh1 Re4 26. Rh4 Rfe7 27. Rf4 R4e6
28. g5 Qxg5 29. Rhg4 Rxe3 30. fxe3 Bxg4 31. Rxg4 Qxe3 32. Qxd5+ Qe6 33. Qxe6+
Rxe6 34. Kf2 Rc6 35. d5 Rxc3 36. Rd4 Kf7 37. d6 Ke8 38. Re4+ Kd7 39. Re7+ Kxd6
40. Rxg7 h5 41. Rh7 Rc5 42. Rh6 Ke6 43. Rh7 Ra5 44. Ke3 Rg5 45. Kf4 a5 46. Rb7
Rg4+ 47. Kf3 Rb4 48. Ra7 Rb5 49. Ke4 Rb4+ 50. Kf3 Rb5 51. Ke4 Rg5 52. Ra6+ Kf7
53. Ra7+ Kg6 54. Ra8 a4 55. Rg8+ Kh7 56. Rxg5 fxg5 57. Kf5 Kh6 58. Ke4 Kg6 59.
Kf3 a3 60. Ke4 Kf6 61. Kf3 Ke5 62. Ke3 Kd5 63. Kf3 Kd4 64. Kf2 Kc3 0-1

[Event "NATO-ch"]
[Site "Quebec CAN"]
[Date "2014.09.11"]
[Round "5.31"]
[White "Murray, Brian"]
[Black "Middaugh, Jon S"]
[Result "0-1"]
[WhiteElo "1633"]
[BlackElo "1767"]
[PlyCount "60"]
[EventDate "2014.09.08"]
[EventType "swiss"]
[EventRounds "7"]
[EventCountry "CAN"]
[Source "Chess Mix"]
[WhiteTeam "Canada 2"]
[BlackTeam "USA"]

1. e4 c6 2. Nf3 d5 3. Nc3 Bg4 4. Be2 Bxf3 5. Bxf3 d4 6. Na4 e5 7. d3 b5 8. Nc3
dxc3 9. bxc3 Bc5 10. O-O Nf6 11. Bb2 Nbd7 12. a3 Nb6 13. Rb1 Na4 14. Qc1 Nxb2
15. Qxb2 Qb6 16. Rbd1 Rd8 17. c4 Bd4 18. Qa2 O-O 19. cxb5 cxb5 20. Rb1 Qc5 21.
a4 b4 22. c4 bxc3 23. Rb5 Qc7 24. Rb4 Rb8 25. Rc4 Qb6 26. Qc2 Qb2 27. Qxb2 cxb2
28. Rb1 Rfc8 29. h3 Rxc4 30. dxc4 Rb4 0-1

[Event "NATO-ch"]
[Site "Quebec CAN"]
[Date "2014.09.11"]
[Round "5.32"]
[White "Chwieseni, Edward"]
[Black "Papler, Peter"]
[Result "1-0"]
[WhiteElo "1739"]
[BlackElo "1613"]
[PlyCount "83"]
[EventDate "2014.09.08"]
[EventType "swiss"]
[EventRounds "7"]
[EventCountry "CAN"]
[Source "Chess Mix"]
[WhiteTeam "United Kingdom"]
[BlackTeam "Slovenia"]
[BlackTeamCountry "SLO"]

1. Nf3 d5 2. g3 Nf6 3. Bg2 Bf5 4. O-O e6 5. d3 h6 6. Bf4 Be7 7. Nbd2 O-O 8. c4
c6 9. Qb3 Qc8 10. Qc3 Nbd7 11. Ne5 Nh5 12. Nxd7 Nxf4 13. gxf4 Qxd7 14. e4 Bg4
15. Kh1 Bf6 16. e5 Be7 17. d4 Rac8 18. c5 Kh8 19. Qg3 Bf5 20. Bh3 Bg6 21. Rg1
Rg8 22. Nf1 Rce8 23. Ne3 Bf8 24. Bg4 Qd8 25. f5 Bh7 26. Qh3 Qa5 27. fxe6 fxe6
28. Bxe6 Qd2 29. Bxg8 Kxg8 30. Nf5 g6 31. Qe3 Qxb2 32. Rab1 Qc2 33. Nd6 Bxd6
34. cxd6 g5 35. h4 Qe4+ 36. Qxe4 Bxe4+ 37. Kh2 Bxb1 38. Rxb1 Rf8 39. hxg5 hxg5
40. Rxb7 Rxf2+ 41. Kg3 Rxa2 42. d7 1-0

[Event "NATO-ch"]
[Site "Quebec CAN"]
[Date "2014.09.11"]
[Round "5.33"]
[White "Tremblay, Mario"]
[Black "Deneyer, Frank"]
[Result "0-1"]
[WhiteElo "1653"]
[BlackElo "1736"]
[PlyCount "90"]
[EventDate "2014.09.08"]
[EventType "swiss"]
[EventRounds "7"]
[EventCountry "CAN"]
[Source "Chess Mix"]
[WhiteTeam "Canada"]
[BlackTeam "Belgium"]
[WhiteTeamCountry "CAN"]
[BlackTeamCountry "BEL"]

1. e4 d6 2. f4 g6 3. Nf3 Bg7 4. Bc4 Nf6 5. Nc3 Nxe4 6. Bxf7+ Kxf7 7. Nxe4 Rf8
8. O-O Kg8 9. d4 Bg4 10. c3 d5 11. Nc5 b6 12. Nd3 Nd7 13. Qe1 Bf5 14. Nde5 Nxe5
15. Nxe5 Be4 16. Be3 Qc8 17. Qg3 Qd8 18. Rf2 Qd6 19. Raf1 a5 20. Qh3 e6 21. Nf3
Bxf3 22. Rxf3 c5 23. Rd1 c4 24. Re1 b5 25. Bf2 Rae8 26. Rfe3 Qxf4 27. Bg3 Qf5
28. Qxf5 Rxf5 29. Rxe6 Rxe6 30. Rxe6 Bh6 31. b3 Kf7 32. Re2 b4 33. Be1 Bf8 34.
Rf2 bxc3 35. Rxf5+ gxf5 36. Bxc3 Bb4 37. Bxb4 axb4 38. bxc4 dxc4 39. Kf2 Ke6
40. Ke2 Kd5 41. Kd2 Kxd4 42. Kc2 f4 43. h3 h5 44. h4 b3+ 45. axb3 cxb3+ 0-1

[Event "NATO-ch"]
[Site "Quebec CAN"]
[Date "2014.09.11"]
[Round "6"]
[White "Macaspac, Arthur"]
[Black "Nielsen, Jan Mose"]
[Result "1-0"]
[WhiteElo "2106"]
[BlackElo "2096"]
[PlyCount "47"]
[EventDate "2014.09.08"]
[EventType "swiss"]
[EventRounds "7"]
[EventCountry "CAN"]
[Source "ChessBase"]
[SourceDate "2014.11.20"]
[WhiteTeam "United States"]
[BlackTeam "Denmark"]
[WhiteTeamCountry "USA"]
[BlackTeamCountry "DEN"]

1. Nf3 c5 2. e4 Nc6 3. d4 cxd4 4. Nxd4 e5 5. Nb5 a6 6. Nd6+ Bxd6 7. Qxd6 Qf6 8.
Qd3 Nge7 9. Be2 d5 10. Nc3 Qg6 11. Nxd5 Nxd5 12. exd5 Qxd3 13. Bxd3 Nb4 14. Be4
a5 15. a3 Na6 16. Be3 O-O 17. d6 Nb8 18. O-O Ra6 19. c4 Rxd6 20. Bc5 Rd4 21.
Bxd4 exd4 22. Rfd1 Rd8 23. Rd2 Be6 24. Rad1 1-0

[Event "NATO-ch"]
[Site "Quebec CAN"]
[Date "2014.09.11"]
[Round "6"]
[White "Pirs, Matjaz2"]
[Black "Bacus, Dharim"]
[Result "0-1"]
[WhiteElo "2051"]
[BlackElo "2272"]
[PlyCount "85"]
[EventDate "2014.09.08"]
[EventType "swiss"]
[EventRounds "7"]
[EventCountry "CAN"]
[Source "ChessBase"]
[SourceDate "2014.11.20"]
[WhiteTeam "Slovenia"]
[BlackTeam "United States"]
[WhiteTeamCountry "SLO"]
[BlackTeamCountry "USA"]

1. e4 e5 2. Nc3 Bc5 3. Bc4 Nf6 4. d3 d6 5. Nf3 O-O 6. O-O c6 7. h3 Nbd7 8. Ne2
Re8 9. Ng3 Nf8 10. c3 h6 11. b4 Bb6 12. Qb3 d5 13. exd5 Nxd5 14. Re1 Ng6 15.
Be3 Bc7 16. Qc2 f5 17. Bd2 Kh8 18. Rad1 Qf6 19. Bb3 Bd7 20. c4 Ndf4 21. Bc3 c5
22. Ba4 Bc6 23. Bxc6 Qxc6 24. b5 Qd7 25. Rd2 Rad8 26. Red1 Rf8 27. Qb2 Rfe8 28.
Qc2 b6 29. a4 Qe6 30. Ne2 Nxe2+ 31. Rxe2 Nf4 32. Ree1 Qg6 33. g3 Nxh3+ 34. Kf1
f4 35. Nxe5 Bxe5 36. Bxe5 f3 37. Re4 Ng5 38. Re3 Qh5 39. Ke1 Qh2 40. Bf4 Ne6
41. Kd2 Nxf4 42. Rxe8+ Rxe8 43. gxf4 0-1

[Event "NATO-ch"]
[Site "Quebec CAN"]
[Date "2014.09.11"]
[Round "6"]
[White "Van den Heuvel, Tonnie"]
[Black "Kedzierski, Slawomir"]
[Result "0-1"]
[WhiteElo "1885"]
[BlackElo "2023"]
[PlyCount "52"]
[EventDate "2014.09.08"]
[EventType "swiss"]
[EventRounds "7"]
[EventCountry "CAN"]
[Source "ChessBase"]
[SourceDate "2014.11.20"]
[WhiteTeam "Netherlands"]
[BlackTeam "NATO"]
[WhiteTeamCountry "NED"]

1. c4 Nf6 2. g3 e6 3. Bg2 Be7 4. Nc3 O-O 5. Nf3 d5 6. d4 b6 7. O-O Bb7 8. b3
Nbd7 9. Bb2 c5 10. e3 dxc4 11. bxc4 cxd4 12. exd4 Rc8 13. d5 Nc5 14. Ne5 exd5
15. cxd5 Bd6 16. Nc4 Ba6 17. Nxd6 Qxd6 18. Ne2 Rfe8 19. Bf3 Rcd8 20. Nf4 Bxf1
21. Kxf1 Ncd7 22. Qa4 Ne5 23. Bg2 Ng6 24. Nxg6 hxg6 25. Qc6 Nxd5 26. Qxd6 Rxd6
0-1

[Event "NATO-ch"]
[Site "Quebec CAN"]
[Date "2014.09.11"]
[Round "6.1"]
[White "Andersen, Hans Christoph"]
[Black "Graczyk, Damian"]
[Result "1/2-1/2"]
[WhiteElo "2223"]
[BlackElo "2081"]
[PlyCount "80"]
[EventDate "2014.09.08"]
[EventType "swiss"]
[EventRounds "7"]
[EventCountry "CAN"]
[Source "Chess Mix"]
[WhiteTeam "Germany"]
[BlackTeam "Poland"]
[WhiteTeamCountry "GER"]
[BlackTeamCountry "POL"]

1. d4 Nf6 2. c4 e6 3. Nc3 Bb4 4. Qc2 b6 5. e4 Bxc3+ 6. bxc3 d6 7. Bd3 Nbd7 8.
Ne2 c5 9. Ng3 Qc7 10. d5 Ne5 11. Be2 h5 12. f4 Ng6 13. dxe6 h4 14. Nf1 Bb7 15.
Bd3 O-O-O 16. exf7 h3 17. g3 Qxf7 18. Nd2 Ng4 19. Nf3 N6e5 20. Nxe5 dxe5 21.
O-O Qd7 22. Be2 Nf6 23. fxe5 Bxe4 24. Qb2 Nh5 25. Bf4 Qc6 26. Bg4+ Kb7 27. Bg5
Qg6 28. Bxh5 Qxg5 29. Qe2 Bg2 30. Bf3+ Ka6 31. Rfd1 Bxf3 32. Qxf3 Qxe5 33. Re1
Qf6 34. Qxf6 gxf6 35. Rad1 Rhe8 36. Kf2 Rxe1 37. Rxe1 Rd2+ 38. Re2 Rd3 39. Re3
Rd2+ 40. Re2 Rd3 1/2-1/2

[Event "NATO-ch"]
[Site "Quebec CAN"]
[Date "2014.09.11"]
[Round "6.2"]
[White "Drabke, Lorenz"]
[Black "Pedersen, Finn"]
[Result "1-0"]
[WhiteElo "2457"]
[BlackElo "2278"]
[PlyCount "107"]
[EventDate "2014.09.08"]
[EventType "swiss"]
[EventRounds "7"]
[EventCountry "CAN"]
[Source "Chess Mix"]
[WhiteTeam "Germany"]
[BlackTeam "Denmark"]
[WhiteTeamCountry "GER"]
[BlackTeamCountry "DEN"]

1. e4 c6 2. Nc3 d5 3. Nf3 Bg4 4. h3 Bxf3 5. Qxf3 e6 6. d3 Nf6 7. Bd2 Be7 8. g3
Nbd7 9. Bg2 O-O 10. g4 Qb6 11. O-O-O d4 12. Ne2 Rfc8 13. g5 Ne8 14. e5 Nxe5 15.
Qe4 Ng6 16. h4 Bc5 17. h5 Nd6 18. Qg4 Nf8 19. g6 f5 20. gxh7+ Kxh7 21. Qg3 Ne8
22. Bf4 Qd8 23. Rdg1 Be7 24. Be5 Bg5+ 25. Kb1 Bh6 26. Nxd4 Qe7 27. f4 Rd8 28.
Nf3 Nf6 29. Ng5+ Kh8 30. Re1 N6h7 31. Nf3 Nf6 32. Ng5 N6h7 33. Nf3 Nf6 34. Nh4
Ng4 35. Bc3 Qc7 36. Rhf1 Qf7 37. Bf3 Qxh5 38. Rh1 Qf7 39. Nxf5 exf5 40. Bxg4
Qg6 41. Re7 Kg8 42. Rxh6 gxh6 43. Rg7+ Qxg7 44. Bxg7 Kxg7 45. Bxf5+ Kf7 46. Bg4
Rab8 47. b3 Kg7 48. Bh5+ Kh8 49. Bf7 Nh7 50. f5 Ng5 51. Qe5+ Kh7 52. Bg6+ Kg8
53. f6 Rf8 54. Qc7 1-0

[Event "NATO-ch"]
[Site "Quebec CAN"]
[Date "2014.09.11"]
[Round "6.3"]
[White "Sypien, Mateusz"]
[Black "Oltean, Gusztav"]
[Result "1/2-1/2"]
[WhiteElo "2257"]
[BlackElo "2104"]
[PlyCount "89"]
[EventDate "2014.09.08"]
[EventType "swiss"]
[EventRounds "7"]
[EventCountry "CAN"]
[Source "Chess Mix"]
[WhiteTeam "Poland"]
[BlackTeam "Hungary"]
[WhiteTeamCountry "POL"]
[BlackTeamCountry "HUN"]

1. e4 c6 2. d4 d5 3. f3 e6 4. Nc3 Nf6 5. Be3 Bb4 6. e5 Nfd7 7. a3 Be7 8. f4 c5
9. Qg4 O-O 10. Nf3 Nc6 11. Bd3 f5 12. Qh3 cxd4 13. Nxd4 Nxd4 14. Bxd4 Bc5 15.
Bxc5 Nxc5 16. O-O-O g5 17. g3 Bd7 18. Qh6 gxf4 19. gxf4 Qe7 20. Rhg1+ Kh8 21.
Rg5 Rg8 22. h4 Qf8 23. Qh5 Be8 24. Qf3 Nxd3+ 25. Rxd3 h6 26. Rg3 Rxg3 27. Qxg3
a6 28. Qg1 Bh5 29. Kb1 Rc8 30. Rg3 Bg4 31. Qf2 Qe7 32. Rg1 Rc4 33. Na2 Qc7 34.
Nb4 Re4 35. Nd3 b6 36. Re1 Kg7 37. Qd2 Qc4 38. Rg1 Kh7 39. Rg2 a5 40. b3 Qd4
41. a4 Re3 42. Qc1 Rh3 43. Ka2 Bf3 44. Qa3 Bxg2 45. Qe7+ 1/2-1/2

[Event "NATO-ch"]
[Site "Quebec CAN"]
[Date "2014.09.11"]
[Round "6.4"]
[White "Sycz, Dariusz"]
[Black "Mestek, Igor"]
[Result "1-0"]
[WhiteElo "2139"]
[BlackElo "2180"]
[PlyCount "117"]
[EventDate "2014.09.08"]
[EventType "swiss"]
[EventRounds "7"]
[EventCountry "CAN"]
[Source "Chess Mix"]
[WhiteTeam "Poland"]
[BlackTeam "Slovenia"]
[WhiteTeamCountry "POL"]
[BlackTeamCountry "SLO"]

1. d4 d5 2. Nf3 c6 3. c4 e6 4. g3 f5 5. Bg2 Nf6 6. O-O Bd6 7. b3 O-O 8. Bb2
Nbd7 9. Nbd2 Ne4 10. Ne5 Ndf6 11. f3 Nxd2 12. Qxd2 Bd7 13. Rae1 a5 14. e4 Be8
15. Nd3 fxe4 16. fxe4 dxe4 17. Bxe4 Nxe4 18. Rxf8+ Bxf8 19. Rxe4 c5 20. Nf4 Qg5
21. Qe2 Bf7 22. Re5 Qd8 23. dxc5 Rc8 24. Nxe6 Bxe6 25. Rxe6 Bxc5+ 26. Kg2 Qd7
27. Re5 b6 28. Rg5 Qc6+ 29. Qf3 Qxf3+ 30. Kxf3 Rf8+ 31. Ke4 g6 32. Bd4 Bxd4 33.
Kxd4 Rf2 34. Rb5 Rd2+ 35. Ke5 Rxa2 36. Rxb6 Rxh2 37. c5 Kf7 38. Kd6 Rd2+ 39.
Kc7 Ke7 40. c6 Rd3 41. g4 h6 42. Rb5 Re3 43. Kb8 Rc3 44. c7 Kd7 45. Rd5+ Ke6
46. Rd3 Rxd3 47. c8=Q+ Rd7 48. Qc4+ Kf6 49. Qc3+ Kg5 50. Qxa5+ Kh4 51. Qe5 Rf7
52. Qe6 Rf3 53. b4 Rf4 54. b5 Rxg4 55. b6 h5 56. b7 g5 57. Kc8 Rf4 58. Qd6 Re4
59. Kd7 1-0

[Event "NATO-ch"]
[Site "Quebec CAN"]
[Date "2014.09.11"]
[Round "6.5"]
[White "Helbig, Mark"]
[Black "Michalski, Daniel"]
[Result "1-0"]
[WhiteElo "2296"]
[BlackElo "2090"]
[PlyCount "93"]
[EventDate "2014.09.08"]
[EventType "swiss"]
[EventRounds "7"]
[EventCountry "CAN"]
[Source "Chess Mix"]
[WhiteTeam "Germany"]
[BlackTeam "Poland"]
[WhiteTeamCountry "GER"]
[BlackTeamCountry "POL"]

1. c4 Nf6 2. Nc3 d5 3. cxd5 Nxd5 4. g3 Nb6 5. Bg2 g6 6. Nf3 Bg7 7. O-O O-O 8.
d4 Nc6 9. Bf4 Nxd4 10. Nxd4 Qxd4 11. Qxd4 Bxd4 12. Nb5 Bxb2 13. Rab1 Bg7 14.
Nxc7 Rb8 15. Rfc1 Na4 16. Nd5 e5 17. Be3 Nb6 18. Ne7+ Kh8 19. Rc7 Be6 20. Bxb7
e4 21. Bxe4 Bxa2 22. Rbc1 Be6 23. Nc6 Rbc8 24. Rxa7 Nc4 25. Bf4 Ne5 26. Nd4
Rxc1+ 27. Bxc1 Bc4 28. e3 Rc8 29. Bb7 Rd8 30. Ba3 h6 31. Be4 Kg8 32. h3 Bf8 33.
Bb2 Nd3 34. Ba3 Bxa3 35. Rxa3 Nc5 36. Bxg6 Nb3 37. Bd3 Bxd3 38. Rxb3 Bc4 39.
Rc3 Bd5 40. g4 Ra8 41. f3 Ra2 42. e4 Rd2 43. Nf5 Be6 44. Nxh6+ Kg7 45. Nf5+ Kf6
46. f4 Bxf5 47. exf5 1-0

[Event "NATO-ch"]
[Site "Quebec CAN"]
[Date "2014.09.11"]
[Round "6.6"]
[White "Papista, Akos"]
[Black "Wagenaar, Harm Theo"]
[Result "1-0"]
[WhiteElo "2168"]
[BlackElo "2055"]
[PlyCount "31"]
[EventDate "2014.09.08"]
[EventType "swiss"]
[EventRounds "7"]
[EventCountry "CAN"]
[Source "Chess Mix"]
[WhiteTeam "Hungary"]
[BlackTeam "NATO2"]
[WhiteTeamCountry "HUN"]

1. e4 d5 2. Nc3 dxe4 3. Nxe4 Qd5 4. Nc3 Qa5 5. d4 Nf6 6. Bc4 c6 7. Nf3 Bf5 8.
Bd2 e6 9. Qe2 Bb4 10. O-O-O Nbd7 11. Ne5 Nxe5 12. dxe5 Nd7 13. a3 Bxc3 14. Bxc3
Qc7 15. Bb4 Qxe5 16. Rxd7 1-0

[Event "NATO-ch"]
[Site "Quebec CAN"]
[Date "2014.09.11"]
[Round "6.7"]
[White "Keough, Robert"]
[Black "Hansen, Steven E"]
[Result "1/2-1/2"]
[WhiteElo "2069"]
[BlackElo "2102"]
[PlyCount "35"]
[EventDate "2014.09.08"]
[EventType "swiss"]
[EventRounds "7"]
[EventCountry "CAN"]
[Source "Chess Mix"]
[WhiteTeam "USA"]
[BlackTeam "Denmark"]
[BlackTeamCountry "DEN"]

1. e4 c6 2. d4 d5 3. Nc3 dxe4 4. Nxe4 Bf5 5. Ng3 Bg6 6. N1e2 e6 7. Nf4 Bd6 8.
Bc4 Nf6 9. O-O O-O 10. Nxg6 hxg6 11. Bg5 Nbd7 12. Ne4 Be7 13. Nxf6+ Bxf6 14.
Bxf6 Qxf6 15. c3 Nb6 16. Bd3 Nd5 17. Re1 Rfd8 18. Qb3 1/2-1/2

[Event "NATO-ch"]
[Site "Quebec CAN"]
[Date "2014.09.11"]
[Round "6.10"]
[White "Bielawski, Michal"]
[Black "Kersic, Matej"]
[Result "1/2-1/2"]
[WhiteElo "2051"]
[BlackElo "2207"]
[PlyCount "25"]
[EventDate "2014.09.08"]
[EventType "swiss"]
[EventRounds "7"]
[EventCountry "CAN"]
[Source "Chess Mix"]
[WhiteTeam "Poland"]
[BlackTeam "Slovenia"]
[WhiteTeamCountry "POL"]
[BlackTeamCountry "SLO"]

1. d4 d5 2. c4 c6 3. Nc3 Nf6 4. Nf3 a6 5. Bg5 Ne4 6. Bf4 Nxc3 7. bxc3 dxc4 8.
e4 b5 9. Ne5 g6 10. Rb1 Be6 11. Be2 Bg7 12. O-O O-O 13. a4 1/2-1/2

[Event "NATO-ch"]
[Site "Quebec CAN"]
[Date "2014.09.11"]
[Round "6.11"]
[White "Marquardt, Christian"]
[Black "Van Rijn, Wouter"]
[Result "1/2-1/2"]
[WhiteElo "2078"]
[BlackElo "2176"]
[PlyCount "69"]
[EventDate "2014.09.08"]
[EventType "swiss"]
[EventRounds "7"]
[EventCountry "CAN"]
[Source "Chess Mix"]
[WhiteTeam "Germany"]
[BlackTeam "The Netherlands"]
[WhiteTeamCountry "GER"]

1. d4 d5 2. c4 e6 3. Nc3 Nf6 4. cxd5 exd5 5. Qc2 Nc6 6. e3 a6 7. a3 Bd6 8. Bd3
O-O 9. Nge2 Ne7 10. O-O Ng6 11. f3 Re8 12. Kh1 c5 13. dxc5 Bxc5 14. e4 dxe4 15.
Nxe4 Nxe4 16. Bxe4 Bd6 17. Rd1 Qe7 18. Bd2 Be6 19. Bc3 Rad8 20. Ng3 Qc7 21. Nf1
Bd7 22. a4 Bc6 23. Re1 Bxe4 24. Rxe4 Qc5 25. Rae1 Rxe4 26. Qxe4 b5 27. axb5
axb5 28. Ne3 Qh5 29. Nf1 Ne7 30. Rd1 Qg6 31. Ba5 f5 32. Qb7 Re8 33. Qxb5 Rb8
34. Qd7 Rxb2 35. Bd2 1/2-1/2

[Event "NATO-ch"]
[Site "Quebec CAN"]
[Date "2014.09.11"]
[Round "6.12"]
[White "Nill, Oliver"]
[Black "Lebrun, Roger"]
[Result "1-0"]
[WhiteElo "2188"]
[BlackElo "1976"]
[PlyCount "67"]
[EventDate "2014.09.08"]
[EventType "swiss"]
[EventRounds "7"]
[EventCountry "CAN"]
[Source "Chess Mix"]
[WhiteTeam "Germany"]
[BlackTeam "Canada 2"]
[WhiteTeamCountry "GER"]

1. c4 Nf6 2. Nc3 g6 3. g3 Bg7 4. Bg2 O-O 5. e4 d6 6. Nge2 e5 7. O-O Be6 8. d3
Qc8 9. f4 a5 10. Nd5 Nxd5 11. cxd5 Bg4 12. fxe5 dxe5 13. Qd2 Bxe2 14. Qxe2 c5
15. Bg5 f6 16. Be3 b6 17. h4 Na6 18. h5 Nc7 19. Kh2 Qd7 20. Bh3 Qd6 21. Rf2 g5
22. h6 Bh8 23. Qh5 Qe7 24. Bf5 Rad8 25. a3 Ra8 26. Rb1 Rf7 27. b4 axb4 28. axb4
cxb4 29. Bxb6 Nb5 30. Be6 Nd4 31. Bxd4 exd4 32. Rxb4 Raf8 33. Rfb2 f5 34. Rb7
1-0

[Event "NATO-ch"]
[Site "Quebec CAN"]
[Date "2014.09.11"]
[Round "6.13"]
[White "Musselman, Charles"]
[Black "Bohn, Ulrich"]
[Result "0-1"]
[WhiteElo "1995"]
[BlackElo "2147"]
[PlyCount "102"]
[EventDate "2014.09.08"]
[EventType "swiss"]
[EventRounds "7"]
[EventCountry "CAN"]
[Source "Chess Mix"]
[WhiteTeam "NATO2"]
[BlackTeam "Germany"]
[BlackTeamCountry "GER"]

1. a3 g6 2. Nc3 Bg7 3. e4 d6 4. Nf3 c5 5. Bb5+ Bd7 6. Bxd7+ Qxd7 7. O-O Nc6 8.
Ne2 Nf6 9. d3 O-O 10. Rb1 b5 11. b4 Rfb8 12. bxc5 dxc5 13. Bf4 Rb7 14. Ne5 Qe8
15. Nxc6 Qxc6 16. Qc1 a5 17. c4 b4 18. axb4 axb4 19. Be5 Ra3 20. Rd1 Rd7 21.
Qc2 Qa8 22. Ra1 Rxa1 23. Rxa1 Qd8 24. Nf4 Nh5 25. Bxg7 Nxf4 26. Bh6 Nxd3 27. h3
f6 28. f4 Rb7 29. Rd1 Qd4+ 30. Kh2 Rd7 31. Qa4 Kf7 32. e5 fxe5 33. Qa8 Rd8 34.
Qf3 e4 35. Qf1 Rd6 36. f5 Qe5+ 37. g3 gxf5 38. Qe2 Rxh6 39. Rxd3 Rg6 40. Re3
Kg7 41. Qh5 Qd6 42. Qe2 Qd4 43. g4 Qe5+ 44. Kh1 Qa1+ 45. Kh2 h5 46. Qf2 Qe5+
47. Kh1 hxg4 48. hxg4 Rxg4 49. Rh3 Qd4 50. Qf1 e3 51. Qxf5 Qd1+ 0-1

[Event "NATO-ch"]
[Site "Quebec CAN"]
[Date "2014.09.11"]
[Round "6.14"]
[White "Onley, David"]
[Black "Aagaard, Gert"]
[Result "1-0"]
[WhiteElo "2120"]
[BlackElo "2041"]
[PlyCount "109"]
[EventDate "2014.09.08"]
[EventType "swiss"]
[EventRounds "7"]
[EventCountry "CAN"]
[Source "Chess Mix"]
[WhiteTeam "United Kingdom"]
[BlackTeam "Denmark"]
[BlackTeamCountry "DEN"]

1. e4 c6 2. d4 d5 3. Nd2 dxe4 4. Nxe4 Bf5 5. Ng3 Bg6 6. Nf3 Nd7 7. h4 h6 8. h5
Bh7 9. Bd3 Bxd3 10. Qxd3 e6 11. Bd2 Ngf6 12. O-O-O Qc7 13. Kb1 Bd6 14. Ne4 Nxe4
15. Qxe4 Nf6 16. Qe2 O-O-O 17. Ne5 Kb8 18. Bf4 Ka8 19. c4 Qe7 20. Rh3 c5 21.
Rhd3 cxd4 22. Rxd4 Bxe5 23. Qxe5 Rxd4 24. Qxd4 Rc8 25. Be3 b6 26. b3 Nxh5 27.
g4 Nf6 28. g5 hxg5 29. Bxg5 e5 30. Qd3 Qe6 31. a4 Rc7 32. Qd8+ Rc8 33. Qd3 Kb7
34. Kb2 Rc7 35. Qd8 Qf5 36. a5 bxa5 37. Bxf6 Qxf2+ 38. Rd2 Qxf6 39. Qd5+ Qc6
40. Qxa5 Qc5 41. Qc3 f6 42. Qf3+ Kb8 43. Rd5 Qe7 44. Qh1 a6 45. Qd1 Kc8 46.
Qg4+ Kb7 47. c5 Qe8 48. Qb4+ Qb5 49. c6+ Kxc6 50. Qd6+ Kb7 51. Rxb5+ axb5 52.
Ka3 Kc8 53. Kb4 Rb7 54. Kc5 b4 55. Kc6 1-0

[Event "NATO-ch"]
[Site "Quebec CAN"]
[Date "2014.09.11"]
[Round "6.15"]
[White "Lambruschini, Alex"]
[Black "Cheung, Jan"]
[Result "1/2-1/2"]
[WhiteElo "1928"]
[BlackElo "2087"]
[PlyCount "66"]
[EventDate "2014.09.08"]
[EventType "swiss"]
[EventRounds "7"]
[EventCountry "CAN"]
[Source "Chess Mix"]
[WhiteTeam "Canada"]
[BlackTeam "The Netherlands"]
[WhiteTeamCountry "CAN"]

1. d4 Nf6 2. c4 c5 3. d5 b5 4. cxb5 a6 5. bxa6 g6 6. Nc3 Bxa6 7. e4 Bxf1 8.
Kxf1 d6 9. f3 Bg7 10. Be3 Nbd7 11. Nge2 O-O 12. g3 Ne5 13. Kg2 Nc4 14. Qc1
Nxe3+ 15. Qxe3 Qb6 16. Rab1 Nd7 17. b4 c4 18. Qxb6 Nxb6 19. b5 Ra3 20. Rhc1
Rfa8 21. Rc2 Kf8 22. Kf2 Ke8 23. Rb4 Kd7 24. Ke1 Kc7 25. Kd2 Kb7 26. g4 e6 27.
f4 e5 28. f5 Bh6+ 29. Ke1 Be3 30. Kd1 Bc5 31. Rbb2 Bd4 32. Rb4 Bc5 33. Rbb2 Bd4
1/2-1/2

[Event "NATO-ch"]
[Site "Quebec CAN"]
[Date "2014.09.11"]
[Round "6.16"]
[White "Hater, David"]
[Black "Dusak, Aljaz"]
[Result "1/2-1/2"]
[WhiteElo "2034"]
[BlackElo "1970"]
[PlyCount "37"]
[EventDate "2014.09.08"]
[EventType "swiss"]
[EventRounds "7"]
[EventCountry "CAN"]
[Source "Chess Mix"]
[WhiteTeam "USA"]
[BlackTeam "Slovenia"]
[BlackTeamCountry "SLO"]

1. e4 d6 2. d4 g6 3. Nc3 Bg7 4. Be3 Nd7 5. Qd2 e5 6. d5 f5 7. exf5 gxf5 8. Bg5
Bf6 9. Nf3 h6 10. Bxf6 Ndxf6 11. O-O-O a6 12. g3 Qe7 13. Nh4 Qg7 14. Bh3 Ne7
15. Kb1 Bd7 16. Qd3 Ng4 17. Rd2 e4 18. Qc4 O-O-O 19. Re2 1/2-1/2

[Event "NATO-ch"]
[Site "Quebec CAN"]
[Date "2014.09.11"]
[Round "6.17"]
[White "Balmaceda, Enrico"]
[Black "Wells, Daniel"]
[Result "1/2-1/2"]
[WhiteElo "2054"]
[BlackElo "2002"]
[PlyCount "32"]
[EventDate "2014.09.08"]
[EventType "swiss"]
[EventRounds "7"]
[EventCountry "CAN"]
[Source "Chess Mix"]
[WhiteTeam "USA"]
[BlackTeam "United Kingdom"]

1. Nf3 Nf6 2. c4 g6 3. b3 Bg7 4. Bb2 c5 5. g3 O-O 6. Bg2 Nc6 7. O-O d5 8. cxd5
Nxd5 9. Bxg7 Kxg7 10. Na3 Bg4 11. h3 Bxf3 12. Bxf3 e6 13. Nc4 Qf6 14. Ne3 Rfd8
15. Nxd5 exd5 16. Bg2 Rd6 1/2-1/2